[Event "Hastings International Chess Congress"]
[Site "?"]
[Date "2012.12.29"]
[Round "2.1"]
[White "Vocaturo, GM Daniele"]
[Black "Rendle, IM Thomas E"]
[Result "1/2-1/2"]
[WhiteElo "2521"]
[BlackElo "2381"]
[PlyCount "119"]
[EventDate "2012.??.??"]
[TimeControl "6600+1080"]
[WhiteClock "0:10:09"]
[BlackClock "0:03:15"]

1. e4 e6 2. d4 d5 3. Nc3 Nf6 4. e5 Nfd7 5. f4 c5 6. Nf3 Nc6 7. Be3 Be7 8. Qd2
O-O 9. a3 b6 10. g3 cxd4 11. Nxd4 Nxd4 12. Bxd4 Nb8 13. Bd3 Nc6 14. Bf2 f6 15.
exf6 Bxf6 16. O-O-O Bb7 17. Rhe1 Qd7 18. Bb5 Rac8 19. Kb1 Qf7 20. Bxc6 Rxc6 21.
Bd4 Ba6 22. Na2 Bb5 23. Nb4 Rd6 24. Be5 Bxe5 25. Rxe5 a5 26. Na2 Bc4 27. Nc3
Rc6 28. Rde1 Qg6 29. Rg5 Qf6 30. Nd1 d4 31. Nf2 Bd5 32. Ng4 Qd8 33. Ne5 Rc5 34.
Qd3 Qc7 35. Ng4 Kh8 36. Ne5 Kg8 37. h4 Rc8 38. Re2 b5 39. Rh5 h6 40. Qg6 d3 41.
Qxd3 Bc4 42. Nxc4 Rxh5 43. Ne5 Qb7 44. Rd2 Rf5 45. Qb3 Qb6 46. Rd7 Rf6 47. Qd3
Qg1+ 48. Ka2 Qc5 49. Qf3 Rc7 50. Qd3 Rf8 51. c3 b4 52. cxb4 axb4 53. Qb3 Rb8
54. Qxe6+ Kh8 55. Nf7+ Kh7 56. Qe4+ g6 57. Ng5+ Kh8 58. Nf7+ Kh7 59. Ng5+ Kh8
60. Nf7+ 1/2-1/2

[Event "Hastings International Chess Congress"]
[Site "?"]
[Date "2012.12.29"]
[Round "2.2"]
[White "Ashton, FM Adam G"]
[Black "Gretarsson, IM Hjorvar Steinn"]
[Result "0-1"]
[WhiteElo "2366"]
[BlackElo "2516"]
[PlyCount "72"]
[EventDate "2012.??.??"]
[TimeControl "6600+1440"]
[WhiteClock "0:09:47"]
[BlackClock "0:45:03"]

1. e4 c5 2. Nf3 d6 3. d4 cxd4 4. Nxd4 Nf6 5. Nc3 a6 6. Bc4 e6 7. Bb3 b5 8. O-O
Be7 9. f4 O-O 10. Be3 b4 11. Na4 Bb7 12. Nxe6 fxe6 13. Bxe6+ Kh8 14. Nb6 Bxe4
15. Nxa8 Bxa8 16. a3 bxa3 17. Rxa3 d5 18. Rd3 Nbd7 19. Bd4 Bc5 20. Bxd7 Bxd4+
21. Rxd4 Qxd7 22. Qd3 Qc6 23. Rd1 Re8 24. h3 h6 25. Kh2 Bb7 26. Rd2 Qc7 27. Re2
Ne4 28. Qf3 Rf8 29. g3 Nd6 30. Qd3 Nb5 31. Rb4 d4 32. Rc4 Qd7 33. Re5 Ba8 34.
Qe2 Qb7 35. g4 Qh1+ 36. Kg3 g5 0-1

[Event "Hastings International Chess Congress"]
[Site "?"]
[Date "2012.12.29"]
[Round "2.3"]
[White "Alsina Leal, GM Daniel"]
[Black "Burns-Mannion, IM Stephen R"]
[Result "1/2-1/2"]
[WhiteElo "2511"]
[BlackElo "2351"]
[PlyCount "135"]
[EventDate "2012.??.??"]

1. e4 e5 2. Nf3 Nc6 3. Bb5 a6 4. Ba4 Nf6 5. O-O Be7 6. d3 b5 7. Bb3 O-O 8. a4
Bb7 9. Re1 d6 10. Nbd2 Na5 11. Ba2 c5 12. Nf1 b4 13. Ne3 Rb8 14. Nd2 Bc8 15.
Ndc4 Nc6 16. c3 Be6 17. Nf5 Re8 18. Bg5 Bxf5 19. exf5 Qd7 20. Ne3 Na5 21. Bxf6
Bxf6 22. Bd5 bxc3 23. bxc3 e4 24. Rc1 exd3 25. Qxd3 Qa7 26. Nc4 Nxc4 27. Qxc4
a5 28. Rxe8+ Rxe8 29. Rb1 h6 30. g3 Re7 31. Kg2 Kh7 32. Rb5 Kg8 33. Qb3 Kh7 34.
Rb8 Qd7 35. g4 g5 36. fxg6+ fxg6 37. h3 h5 38. Bf3 d5 39. Qd1 Bxc3 40. gxh5 Qd6
41. Qb1 Bb4 42. Qxg6+ Qxg6+ 43. hxg6+ Kxg6 44. Bxd5 Kf5 45. h4 Rd7 46. Bf3 c4
47. Rc8 c3 48. h5 Rd2 49. Rc4 c2 50. Be4+ Kg5 51. Bxc2 Kxh5 52. Kg3 Kg5 53. f4+
Kf6 54. Kf3 Rd5 55. Rc6+ Rd6 56. Rc7 Rd5 57. Be4 Rd1 58. Rc6+ Rd6 59. Rc1 Rd4
60. Rh1 Bf8 61. Ra1 Bd6 62. f5 Rb4 63. Bc2 Rc4 64. Bd3 Rf4+ 65. Ke2 Ke5 66. Bc2
Bc5 67. Rf1 Rxf1 68. Kxf1 1/2-1/2

[Event "Hastings International Chess Congress"]
[Site "?"]
[Date "2012.12.29"]
[Round "2.4"]
[White "Gu, WGM Xiaobing"]
[Black "Hawkins, IM Jonathan"]
[Result "0-1"]
[WhiteElo "2209"]
[BlackElo "2507"]
[PlyCount "44"]
[EventDate "2012.??.??"]

1. e4 c6 2. Nf3 d5 3. Nc3 dxe4 4. Nxe4 Nd7 5. Bc4 Ngf6 6. Neg5 e6 7. Bxe6 fxe6
8. Nxe6 Qe7 9. O-O Ne5 10. Nxg7+ Kd8 11. Nxe5 Qxe5 12. Re1 Qd6 13. Re3 Bxg7 14.
Rd3 Nd5 15. Qh5 Re8 16. g3 Re1+ 17. Kg2 Kc7 18. Rf3 Bd7 19. d4 Qe6 20. c4 Qe2
21. g4 Qxc4 22. Qg5 Bh6 0-1

[Event "Hastings International Chess Congress"]
[Site "?"]
[Date "2012.12.29"]
[Round "2.5"]
[White "Flear, Glenn C"]
[Black "Ledger, Dave J"]
[Result "1-0"]
[WhiteElo "2481"]
[BlackElo "2266"]
[PlyCount "117"]
[EventDate "2012.??.??"]

1. d4 Nf6 2. c4 g6 3. Nc3 Bg7 4. e4 d6 5. f4 O-O 6. Nf3 c5 7. dxc5 dxc5 8. Bd3
Nc6 9. e5 Nb4 10. Bb1 Qxd1+ 11. Nxd1 Nh5 12. Be3 f6 13. Bxc5 Nc6 14. exf6 Bxf6
15. g3 Be6 16. Bd3 b6 17. Ba3 Rfd8 18. Be4 Rac8 19. Ne3 Nd4 20. Rd1 Bxc4 21.
Nxd4 Bxd4 22. Nxc4 Rxc4 23. Ke2 Nf6 24. Bd3 Rc7 25. Rc1 Rdc8 26. Rxc7 Rxc7 27.
Rd1 Bc5 28. Rc1 Nd5 29. Bxc5 Rxc5 30. Rxc5 bxc5 31. Be4 e6 32. a3 a5 33. Kd3
Nb6 34. Bc6 Kf7 35. Bb5 Kf6 36. Ke4 h5 37. Ba6 Na4 38. b3 Nb6 39. h3 Nd5 40.
Bc4 Ne7 41. g4 hxg4 42. hxg4 Nc6 43. g5+ Ke7 44. Kd3 Kd6 45. Bb5 Kd5 46. Ba4
Nd4 47. Be8 e5 48. Bf7+ Kd6 49. fxe5+ Kxe5 50. Kc4 Kd6 51. Bxg6 Nf3 52. Kb5
Nxg5 53. Kxa5 Kc6 54. Be8+ Kc7 55. Kb5 Ne4 56. Bg6 Nd2 57. Bf7 Kd6 58. a4 Ne4
59. a5 1-0

[Event "Hastings International Chess Congress"]
[Site "?"]
[Date "2012.12.29"]
[Round "2.6"]
[White "Flear, WIM Christine"]
[Black "Arkell, GM Keith C"]
[Result "0-1"]
[WhiteElo "2156"]
[BlackElo "2470"]
[PlyCount "58"]
[EventDate "2012.??.??"]
[TimeControl "6600+995"]
[WhiteClock "0:05:49"]
[BlackClock "1:06:45"]

1. d4 c5 2. d5 g6 3. e4 Bg7 4. Nf3 d6 5. h3 Nf6 6. Nc3 O-O 7. Be2 a6 8. a4 e6
9. O-O exd5 10. exd5 Re8 11. Nd2 Nbd7 12. Nc4 Nb6 13. Nxb6 Qxb6 14. a5 Qc7 15.
Be3 Bd7 16. Ra2 Ne4 17. Nxe4 Rxe4 18. c3 Bb5 19. Bd3 Bxd3 20. Qxd3 Rae8 21. Rb1
Qd7 22. b4 Qf5 23. Rd2 Bxc3 24. Qxc3 Rxe3 25. Qc1 Qxb1 26. Qxb1 Re1+ 27. Qxe1
Rxe1+ 28. Kh2 cxb4 29. Rb2 Re4 0-1

[Event "Hastings International Chess Congress"]
[Site "?"]
[Date "2012.12.29"]
[Round "2.7"]
[White "Kvisla, Johannes Luangtep"]
[Black "Vovk, GM Andrey"]
[Result "0-1"]
[WhiteElo "2148"]
[BlackElo "2567"]
[PlyCount "64"]
[EventDate "2012.??.??"]
[TimeControl "6600+915"]
[WhiteClock "0:58:31"]
[BlackClock "0:16:25"]

1. e4 c5 2. Nf3 d6 3. d4 cxd4 4. Nxd4 Nf6 5. Nc3 Nc6 6. Bg5 e6 7. Qd2 a6 8.
O-O-O Bd7 9. f3 Rc8 10. h4 h6 11. Be3 h5 12. Kb1 Ne5 13. Bg5 b5 14. f4 b4 15.
fxe5 bxc3 16. exf6 gxf6 17. bxc3 fxg5 18. hxg5 Rc5 19. Nb3 Rxg5 20. Bxa6 Rhg8
21. Qe2 Qc7 22. Rxh5 Qxc3 23. Rxg5 Rxg5 24. Qf3 Qe5 25. Rf1 Bg7 26. Kc1 Kd8 27.
g4 Qb2+ 28. Kd1 Qxa2 29. Qe3 Rxg4 30. Be2 Rg6 31. Rxf7 Bh6 32. Nc1 Qa1 0-1

[Event "Hastings International Chess Congress"]
[Site "?"]
[Date "2012.12.29"]
[Round "2.8"]
[White "Sulskis, GM Sarunas"]
[Black "Hagen, Anders Gjerdrum"]
[Result "1-0"]
[WhiteElo "2550"]
[BlackElo "2126"]
[PlyCount "45"]
[EventDate "2012.??.??"]
[TimeControl "6600+905"]
[WhiteClock "1:11:05"]
[BlackClock "1:03:07"]

1. e4 c5 2. Nf3 Nc6 3. d4 cxd4 4. Nxd4 Nf6 5. Nc3 d6 6. Bg5 e6 7. Qd2 a6 8.
O-O-O Bd7 9. f4 b5 10. e5 dxe5 11. fxe5 h6 12. exf6 hxg5 13. Ne4 gxf6 14. Qf2
Ne5 15. Nxf6+ Ke7 16. Nxd7 Qxd7 17. Nf5+ exf5 18. Rxd7+ Nxd7 19. Qxf5 Bg7 20.
Bxb5 axb5 21. Re1+ Ne5 22. Rxe5+ Bxe5 23. Qxe5+ 1-0

[Event "Hastings International Chess Congress"]
[Site "?"]
[Date "2012.12.29"]
[Round "2.9"]
[White "Atako, Chino C"]
[Black "Hebden, GM Mark L"]
[Result "1/2-1/2"]
[WhiteElo "2117"]
[BlackElo "2547"]
[PlyCount "140"]
[EventDate "2012.??.??"]
[TimeControl "6600+1270"]
[WhiteClock "0:17:35"]
[BlackClock "0:55:43"]

1. d4 Nf6 2. c4 c5 3. d5 b5 4. cxb5 a6 5. bxa6 Bxa6 6. Nc3 d6 7. g3 g6 8. Bg2
Bg7 9. Nf3 Nbd7 10. O-O Nb6 11. Re1 O-O 12. e4 Ng4 13. h3 Ne5 14. Nxe5 Bxe5 15.
Bh6 Re8 16. Qc2 Nc4 17. Rac1 Bd4 18. b3 Ne5 19. Red1 Qa5 20. Bf4 Reb8 21. Bxe5
Bxe5 22. Nb1 Bg7 23. Qd2 Qxd2 24. Rxd2 Rb4 25. Na3 Bh6 26. f4 g5 27. Rf2 gxf4
28. gxf4 Rd4 29. Nc4 f5 30. Rc3 fxe4 31. Re3 Kf7 32. Rxe4 Bg7 33. Rfe2 Bf6 34.
Kh2 Rd3 35. R4e3 Bxc4 36. bxc4 Rxa2 37. Rxe7+ Bxe7 38. Rxa2 Rd4 39. Bf1 Rxf4
40. Bd3 h5 41. Kg3 Rd4 42. Rf2+ Kg7 43. Rf3 Bg5 44. Kf2 Bf4 45. Ke2 Kf6 46. Kf2
Kg5 47. Kf1 Kh4 48. Kf2 Be5 49. Kg2 Kg5 50. Rf5+ Kh6 51. Rf3 Rh4 52. Rf7 Rd4
53. Rf3 Bf4 54. Kf2 Kg7 55. Ke2 Kf6 56. Kf2 Ke7 57. Ke2 Be5 58. Ke1 Rh4 59. Ke2
Kd8 60. Kd2 Kc7 61. Kc2 Kb6 62. Kb3 Ka5 63. Ka3 Rd4 64. Kb3 h4 65. Ka3 Bg3 66.
Kb3 Be1 67. Ka3 Bd2 68. Kb3 Be1 69. Ka3 Bd2 70. Kb3 Be1 1/2-1/2

[Event "Hastings International Chess Congress"]
[Site "?"]
[Date "2012.12.29"]
[Round "2.10"]
[White "Almond, Richard J"]
[Black "Waddington, FM Mike P"]
[Result "1-0"]
[WhiteElo "2112"]
[BlackElo "2117"]
[PlyCount "145"]
[EventDate "2012.??.??"]

1. d4 c5 2. d5 e5 3. e4 d6 4. Bb5+ Nd7 5. a4 a6 6. Be2 Ngf6 7. Nc3 Be7 8. Nf3
O-O 9. O-O Rb8 10. a5 b5 11. axb6 Qxb6 12. Nd2 Re8 13. Nc4 Qc7 14. Na5 Nb6 15.
Nc6 Ra8 16. f4 Bf8 17. fxe5 dxe5 18. Bg5 Nfd7 19. Bh5 g6 20. Qf3 f6 21. Bg4 Bg7
22. Be3 Bb7 23. Be6+ Kh8 24. Bf7 Nc4 25. Bc1 Nd6 26. Bxe8 Rxe8 27. Na5 Bc8 28.
Qe2 f5 29. Nc4 Nb5 30. Nxb5 axb5 31. Nd2 c4 32. exf5 gxf5 33. Rxf5 Nb6 34. Rf1
e4 35. Nb1 Nxd5 36. Nc3 Nxc3 37. bxc3 Bxc3 38. Bf4 Qg7 39. Ra8 Qb7 40. Rb8 Qc6
41. Kh1 b4 42. Qh5 Qe6 43. Rb6 Qg8 44. Be3 Bg4 45. Qc5 Rd8 46. Rd6 Re8 47. Bd4+
Bxd4 48. Qxd4+ Qg7 49. Rdf6 Rg8 50. Qxe4 b3 51. cxb3 Bh5 52. bxc4 Bg6 53. Qd5
h6 54. c5 Qe7 55. Qd4 Kh7 56. c6 Rg7 57. Rd6 Qe2 58. Qf2 Qc4 59. Rfd1 Be4 60.
Rd7 Qxc6 61. Rxg7+ Kxg7 62. h3 Bg6 63. Rf1 Qd6 64. Qa7+ Kg8 65. Rc1 Bf7 66.
Rc8+ Kg7 67. Qa1+ Kg6 68. Qc1 Be6 69. Rh8 Qg3 70. Qxh6+ Kf5 71. Rf8+ Ke5 72.
Qf6+ Kd6 73. Rd8+ 1-0

[Event "Hastings International Chess Congress"]
[Site "?"]
[Date "2012.12.29"]
[Round "2.11"]
[White "Barton, R Alan"]
[Black "Eames, FM Robert S"]
[Result "0-1"]
[WhiteElo "2080"]
[BlackElo "2263"]
[PlyCount "80"]
[EventDate "2012.??.??"]
[TimeControl "6600+1340"]
[WhiteClock "0:06:16"]
[BlackClock "0:05:27"]

1. d4 d5 2. Nf3 Nf6 3. Bf4 c5 4. e3 Nc6 5. c3 Qb6 6. Qb3 c4 7. Qc2 Bf5 8. Qc1
Nh5 9. Be2 Nxf4 10. exf4 h6 11. O-O e6 12. Ne5 Bd6 13. Nd2 Qc7 14. a4 O-O 15.
g3 Na5 16. Bd1 f6 17. Ng4 Qf7 18. Ne3 Bh3 19. Ng2 g5 20. fxg5 fxg5 21. Bc2 Rae8
22. Qd1 Nc6 23. a5 e5 24. Ba4 exd4 25. Bxc6 bxc6 26. cxd4 c5 27. Ra3 cxd4 28.
Rf3 Qg6 29. Rxf8+ Rxf8 30. Nxc4 dxc4 31. Qxd4 Qe6 32. Re1 Qf7 33. Rc1 Be6 34.
f4 Bb4 35. a6 Ba5 36. Kh1 Bb6 37. Qd2 Bd5 38. Rf1 Qf5 39. Rd1 Bf3 40. Rf1 Qe4
0-1

[Event "Hastings International Chess Congress"]
[Site "?"]
[Date "2012.12.29"]
[Round "2.12"]
[White "Kirk, Ezra"]
[Black "Taylor, Adam C"]
[Result "1-0"]
[WhiteElo "2254"]
[BlackElo "1946"]
[PlyCount "83"]
[EventDate "2012.??.??"]
[TimeControl "6600+1235"]
[WhiteClock "0:33:58"]
[BlackClock "0:02:47"]

1. d4 g6 2. Nf3 Bg7 3. c4 Nf6 4. Nc3 O-O 5. g3 c5 6. d5 d6 7. Bg2 e5 8. e4 a6
9. a4 Ne8 10. O-O f5 11. exf5 Bxf5 12. Ng5 Nc7 13. Nge4 h6 14. Qb3 Rf7 15. Qxb7
Nd7 16. a5 Rb8 17. Qc6 Bf8 18. Qa4 Rb4 19. Qa2 Nf6 20. Nxf6+ Qxf6 21. Ne4 Bxe4
22. Bxe4 Ne8 23. Rb1 Rfb7 24. b3 Rb8 25. h4 Qf7 26. Qc2 Kg7 27. f4 Nf6 28. fxe5
dxe5 29. Bd2 R4b7 30. d6 Bxd6 31. Bxb7 Rxb7 32. Bxh6+ Kxh6 33. Qd2+ Kg7 34.
Qxd6 Qe7 35. Qxa6 Ne4 36. Kg2 Nd2 37. Rf6 Nxb1 38. Rxg6+ Kf8 39. Qa8+ Qe8 40.
Rg8+ Kxg8 41. Qxe8+ Kh7 42. Qh5+ 1-0

[Event "Hastings International Chess Congress"]
[Site "?"]
[Date "2012.12.29"]
[Round "2.13"]
[White "Farid, IM Firman Syah"]
[Black "Hutchinson, Norman A"]
[Result "1/2-1/2"]
[WhiteElo "2338"]
[BlackElo "2108"]
[PlyCount "98"]
[EventDate "2012.??.??"]

1. e4 c6 2. d4 d5 3. exd5 cxd5 4. c4 Nf6 5. Nc3 Nc6 6. Bg5 dxc4 7. Bxc4 Qxd4 8.
Qxd4 Nxd4 9. O-O-O e5 10. f4 Bg4 11. Re1 Nd7 12. fxe5 Rc8 13. Bd5 Nb5 14. Bd2
Nc5 15. Rf1 Bh5 16. Nf3 Nxc3 17. Bxc3 Be7 18. Kb1 O-O 19. Bb4 Nb3 20. Bxb3 Bxb4
21. e6 Bg6+ 22. Ka1 Rce8 23. a3 Ba5 24. Ng5 fxe6 25. Nxe6 Rxf1+ 26. Rxf1 Kh8
27. Bd5 h6 28. h3 Bh7 29. Rf8+ Rxf8 30. Nxf8 Bf5 31. g4 Bd3 32. Bxb7 g5 33. Bg2
Kg7 34. Nd7 Bb5 35. Ne5 Kf6 36. Nc6 Bxc6 37. Bxc6 Ke5 38. b4 Bd8 39. Ka2 Kd6
40. Be4 a5 41. Kb3 axb4 42. Kxb4 Bb6 43. Kc4 Bf2 44. a4 Kc7 45. a5 Kb8 46. Kd5
Ka7 47. Bd3 Be1 48. a6 Kb6 49. Ke6 Bh4 1/2-1/2

[Event "Hastings International Chess Congress"]
[Site "?"]
[Date "2012.12.29"]
[Round "2.14"]
[White "Cafferty, FM Bernard"]
[Black "Hamitevici, IM Vladimir"]
[Result "0-1"]
[WhiteElo "2105"]
[BlackElo "2440"]
[PlyCount "62"]
[EventDate "2012.??.??"]
[TimeControl "6600+1215"]
[WhiteClock "0:02:06"]
[BlackClock "0:02:07"]

1. c4 e5 2. Nc3 Nc6 3. Nf3 f5 4. d4 e4 5. Ng5 Nf6 6. Nh3 Bb4 7. e3 Bxc3+ 8.
bxc3 d6 9. Be2 O-O 10. O-O b6 11. Nf4 Na5 12. c5 dxc5 13. Ba3 g5 14. Nh3 Nd5
15. dxc5 Nxc3 16. Qc2 Nxe2+ 17. Qxe2 Qe7 18. Rac1 Rf7 19. Bb2 f4 20. Qd2 h6 21.
Qd4 Kh7 22. Qh8+ Kg6 23. exf4 g4 24. f5+ Rxf5 25. Rc3 Bb7 26. Qd4 Rd8 27. Qe3
gxh3 28. Qxh3 Rg5 29. Bc1 Qd7 30. cxb6 e3 31. Qxd7 Rxg2+ 0-1

[Event "Hastings International Chess Congress"]
[Site "?"]
[Date "2012.12.29"]
[Round "2.15"]
[White "Knott, IM Simon J B"]
[Black "McKenna, Jason P"]
[Result "1/2-1/2"]
[WhiteElo "2325"]
[BlackElo "2102"]
[PlyCount "129"]
[EventDate "2012.??.??"]

1. Nf3 Nf6 2. c4 g6 3. Nc3 Bg7 4. e4 d6 5. d4 O-O 6. Be2 e5 7. O-O Nc6 8. d5
Ne7 9. Ne1 Nd7 10. Nd3 f5 11. f3 Nf6 12. g4 Kh8 13. Kg2 Neg8 14. h4 Bd7 15. Rh1
f4 16. b4 Rf7 17. Bd2 Bf8 18. Be1 Be7 19. Bf2 Qf8 20. Nb5 Bd8 21. Nxa7 Bxg4 22.
fxg4 Nxe4 23. Bf3 Nxf2 24. Nxf2 Rxa7 25. a4 Ra8 26. a5 e4 27. Nxe4 h6 28. Qd4+
Qg7 29. Qxg7+ Kxg7 30. c5 Nf6 31. c6 bxc6 32. dxc6 Nxe4 33. Bxe4 Bf6 34. Ra3
Re7 35. Bf3 Re3 36. Rxe3 fxe3 37. Rc1 Bd4 38. Rc4 Ba7 39. b5 Bc5 40. a6 Bb6 41.
Rf4 Re8 42. Be2 Rf8 43. Kf3 Rxf4+ 44. Kxf4 Kf6 45. g5+ hxg5+ 46. hxg5+ Ke6 47.
Bd3 d5 48. Kf3 Kf7 49. Ke2 Ba7 50. Ke1 Bb6 51. Kd1 Ba7 52. Kc2 Bb6 53. Kc3 Ba7
54. Kc2 Bb6 55. Kd1 Ba7 56. Ke2 Bb6 57. Kf3 Ba7 58. Kf4 Ke6 59. Kf3 Kf7 60. Bb1
Bb6 61. Bc2 Ba7 62. Bb3 Ke6 63. Bc2 Kf7 64. Bb1 Bb6 65. Bd3 1/2-1/2

[Event "Hastings International Chess Congress"]
[Site "?"]
[Date "2012.12.29"]
[Round "2.16"]
[White "Jones, William E G"]
[Black "Prosviriakov, IM Vladimir"]
[Result "0-1"]
[WhiteElo "2094"]
[BlackElo "2293"]
[PlyCount "108"]
[EventDate "2012.??.??"]

1. e4 e5 2. Nf3 Nc6 3. Bb5 Nd4 4. Nxd4 exd4 5. O-O Bc5 6. d3 c6 7. Bc4 d5 8.
exd5 cxd5 9. Bb5+ Bd7 10. Re1+ Ne7 11. Bxd7+ Qxd7 12. Nd2 O-O 13. Nf3 Nc6 14.
a3 a5 15. Bf4 f6 16. h4 b5 17. b3 Rfe8 18. Rxe8+ Rxe8 19. Qd2 Re6 20. c3 Qe7
21. b4 dxc3 22. Qxc3 axb4 23. axb4 Bxb4 24. Ra8+ Kf7 25. Qa1 Bd6 26. Bxd6 Rxd6
27. h5 b4 28. Qa6 Qe6 29. Qb7+ Rd7 30. Qc8 Rd8 31. Qb7+ Qd7 32. Qxd7+ Rxd7 33.
Ra6 Rc7 34. Rb6 Ke7 35. Nd2 Kd7 36. Nb3 Ra7 37. d4 Kc7 38. Rb5 Kd6 39. Rb6 Ra3
40. Nc5 Ra1+ 41. Kh2 Rd1 42. Nb3 Kc7 43. Rb5 Rb1 44. Nc5 Nxd4 45. Rxb4 Rxb4 46.
Na6+ Kd6 47. Nxb4 Kc5 48. Nd3+ Kc4 49. Nf4 Nc2 50. Kh3 d4 51. Kg4 d3 52. Nxd3
Kxd3 53. Kf5 Nd4+ 54. Kf4 g5+ 0-1

[Event "Hastings International Chess Congress"]
[Site "?"]
[Date "2012.12.29"]
[Round "2.17"]
[White "Haydon, FM David L"]
[Black "Gregory, Stephen J"]
[Result "1/2-1/2"]
[WhiteElo "2315"]
[BlackElo "2086"]
[PlyCount "128"]
[EventDate "2012.??.??"]
[TimeControl "6600+915"]
[WhiteClock "1:24:53"]
[BlackClock "0:14:17"]

1. e4 d5 2. exd5 Qxd5 3. Nc3 Qa5 4. d4 Nf6 5. Bc4 c6 6. Nge2 b5 7. Bb3 b4 8.
Na4 e6 9. O-O Be7 10. Bd2 Qd8 11. Nc5 a5 12. a3 Bxc5 13. dxc5 Ra7 14. Bf4 Rd7
15. Bd6 Ba6 16. Re1 Ne4 17. Qd4 Nxd6 18. Qxg7 Rf8 19. cxd6 Bxe2 20. Rxe2 Rxd6
21. axb4 Rd1+ 22. Re1 Rxa1 23. Rxa1 axb4 24. g3 h5 25. h4 Nd7 26. Qd4 c5 27.
Qd6 Qb8 28. Qc6 Qb6 29. Qf3 Ke7 30. Qxh5 Rg8 31. Bc4 Qc7 32. Re1 Rxg3+ 33. fxg3
Qxg3+ 34. Kf1 Qf4+ 35. Ke2 Qxc4+ 36. Kd2 b3 37. c3 Qf4+ 38. Kd1 Qa4 39. Qg5+ f6
40. Qg7+ Kd6 41. Qh6 Qg4+ 42. Kc1 Qa4 43. Rd1+ Kc6 44. Qg6 Qxh4 45. Qd3 Qf4+
46. Rd2 Nb6 47. Kb1 Qa4 48. Re2 Qa2+ 49. Kc1 Qa1+ 50. Kd2 Qxb2+ 51. Ke1 Qc1+
52. Kf2 Qf4+ 53. Kg2 e5 54. Qh3 f5 55. Qh8 Qg4+ 56. Kf2 e4 57. Qe8+ Kc7 58.
Qe5+ Kc6 59. Qe6+ Kb7 60. Qe7+ Ka6 61. Qxc5 Qh4+ 62. Kf1 Qh1+ 63. Kf2 Qh4+ 64.
Kf1 Qh1+ 1/2-1/2

[Event "Hastings International Chess Congress"]
[Site "?"]
[Date "2012.12.29"]
[Round "2.18"]
[White "Rudd, IM Jack"]
[Black "Ramstad, Havard"]
[Result "1-0"]
[WhiteElo "2288"]
[BlackElo "2071"]
[Annotator "Carr,Matthew"]
[PlyCount "85"]
[EventDate "2012.??.??"]
[TimeControl "6600+735"]
[WhiteClock "1:08:09"]
[BlackClock "0:07:10"]

1. e4 c6 2. d4 d5 3. e5 Bf5 4. Nc3 e6 5. Be3 Nd7 6. Nf3 Ne7 7. Be2 Bg6 8. O-O
Nf5 9. Bf4 Be7 10. Qd2 Bb4 11. a3 Ba5 12. b4 Bc7 13. Rae1 a5 14. Bg5 Ne7 15.
Nh4 Nf8 16. f4 Qd7 17. b5 Nf5 18. Nxf5 Bxf5 19. Na4 Qc8 20. bxc6 bxc6 21. Qc3
Nd7 22. Qxc6 O-O 23. Bb5 f6 24. Qxd7 fxg5 25. fxg5 Bd8 26. Rxf5 Rxf5 27. Qxc8
Rxc8 28. Bd7 Rc4 29. Bxe6+ Kf8 30. Bxf5 Rxa4 31. c3 Rxa3 32. Re3 Bxg5 33. Rf3
Ke7 34. Bxh7 a4 35. Bg8 Ra2 36. Bxd5 Rc2 37. c4 Bd2 38. e6 Bg5 39. Rf7+ Kd8 40.
Rd7+ Ke8 41. Rxg7 Be3+ 42. Kf1 Bxd4 43. Bc6+ 1-0

[Event "Hastings International Chess Congress"]
[Site "?"]
[Date "2012.12.29"]
[Round "2.1"]
[White "Wadsworth, Matthew J"]
[Black "Sihite, Chelsie Monica"]
[Result "1/2-1/2"]
[WhiteElo "2067"]
[BlackElo "2277"]
[PlyCount "98"]
[EventDate "2012.??.??"]

1. g3 Nf6 2. Bg2 d5 3. c4 e6 4. Nf3 Be7 5. O-O O-O 6. b3 d4 7. d3 Nc6 8. Na3 e5
9. Nc2 Nd7 10. e3 dxe3 11. fxe3 f5 12. d4 e4 13. Nd2 Nb4 14. Nxb4 Bxb4 15. Bb2
Qg5 16. Qe2 Nf6 17. a3 Be7 18. Rae1 h5 19. d5 h4 20. Be5 Bd6 21. Bf4 Bxf4 22.
gxf4 Qh6 23. Bh3 Bd7 24. Kh1 Rae8 25. Rg1 Ng4 26. c5 g5 27. fxg5 Qxg5 28. Ref1
Rf7 29. Rf4 Rg7 30. Qg2 Qxf4 31. exf4 e3 32. Bxg4 fxg4 33. Nc4 Bf5 34. Qe2 Be4+
35. Rg2 Bf3 36. Qe1 h3 37. Ne5 Bxg2+ 38. Kg1 Rxe5 39. fxe5 Rf7 40. d6 cxd6 41.
exd6 Kf8 42. d7 Rxd7 43. c6 bxc6 44. Qb4+ Re7 45. Qf4+ Ke8 46. Qb8+ Kf7 47.
Qf4+ Ke8 48. Qb8+ Kf7 49. Qf4+ Ke8 1/2-1/2

[Event "Hastings International Chess Congress"]
[Site "?"]
[Date "2012.12.29"]
[Round "2.2"]
[White "Armstrong, Malcolm J"]
[Black "Snape, Ian L"]
[Result "0-1"]
[WhiteElo "2046"]
[BlackElo "2245"]
[PlyCount "84"]
[EventDate "2012.??.??"]
[TimeControl "6600+905"]
[WhiteClock "0:47:55"]
[BlackClock "1:04:15"]

1. Nf3 c5 2. g3 g6 3. c4 Nc6 4. Nc3 Bg7 5. Bg2 e6 6. O-O Nge7 7. d3 d5 8. cxd5
exd5 9. Bf4 O-O 10. Rc1 b6 11. Qd2 d4 12. Nb5 a6 13. Na3 Be6 14. b3 Rc8 15. Bh6
Bxh6 16. Qxh6 Nf5 17. Qf4 Nb4 18. Qd2 f6 19. Qb2 Ne7 20. Nc4 Nbd5 21. a3 b5 22.
Ncd2 Nc3 23. Rfe1 Ned5 24. e4 Nb6 25. Nb1 c4 26. dxc4 bxc4 27. Nxd4 Qxd4 28.
Qxc3 Qxc3 29. Rxc3 cxb3 30. Bf1 Rxc3 31. Nxc3 Rc8 32. Nb1 a5 33. Bd3 a4 34. Kf1
Bc4 35. Ke2 Bxd3+ 36. Kxd3 Rc2 37. Re2 Rc1 38. Nc3 Ra1 39. Nb5 Ra2 40. Rd2 Nc4
41. Re2 Rxe2 42. Kxe2 b2 0-1

[Event "Hastings International Chess Congress"]
[Site "?"]
[Date "2012.12.29"]
[Round "2.3"]
[White "Stewart, Neil"]
[Black "Maroroa, Sue"]
[Result "1-0"]
[WhiteElo "2264"]
[BlackElo "2037"]
[PlyCount "101"]
[EventDate "2012.??.??"]
[TimeControl "6600+1000"]
[WhiteClock "0:41:14"]
[BlackClock "1:07:04"]

1. c4 e5 2. g3 Nc6 3. Nc3 f5 4. Nf3 Nf6 5. d4 e4 6. Nh4 d6 7. Bg5 Be7 8. Ng2
O-O 9. e3 Ng4 10. Bxe7 Nxe7 11. Nf4 c6 12. h4 a6 13. Be2 Nh6 14. c5 Kh8 15. Na4
Qa5+ 16. Kf1 dxc5 17. Nxc5 Nd5 18. Nxd5 cxd5 19. Qa4 Qd2 20. Qa3 a5 21. Nxe4
fxe4 22. Qxf8+ Ng8 23. Qa3 Bd7 24. Qc3 Qxc3 25. bxc3 Rc8 26. Rc1 Nf6 27. c4 Ng4
28. Bxg4 Bxg4 29. c5 Kg8 30. Ke1 Bd7 31. Rb1 Rc7 32. Kd2 Kf8 33. Rb6 Bc6 34.
Rhb1 Kf7 35. f4 h5 36. Ke1 Kf6 37. R1b5 a4 38. Ra5 Kf5 39. Kf2 Rc8 40. Ra7 Rb8
41. Kg2 Kg4 42. a3 g6 43. Rb4 Kf5 44. Kh3 Kf6 45. Raxa4 Bxa4 46. Rxa4 b5 47.
Ra6+ Kf7 48. Rd6 Ra8 49. Rxd5 Rxa3 50. c6 Ke6 51. Rc5 1-0

[Event "Hastings International Chess Congress"]
[Site "?"]
[Date "2012.12.29"]
[Round "2.4"]
[White "Furman, Boris"]
[Black "Ternault, Mathieu"]
[Result "1/2-1/2"]
[WhiteElo "2237"]
[BlackElo "2147"]
[PlyCount "91"]
[EventDate "2012.??.??"]
[TimeControl "6600+1240"]
[WhiteClock "0:24:26"]
[BlackClock "0:40:01"]

1. d4 d5 2. c4 c6 3. cxd5 cxd5 4. Nc3 Nf6 5. Bf4 Qb6 6. e3 Bd7 7. Bd3 e6 8. Qe2
Nc6 9. Nf3 Be7 10. h3 Rc8 11. a3 Na5 12. Ne5 Nb3 13. Rb1 O-O 14. O-O Rfd8 15.
Bg5 h6 16. Bh4 Qd6 17. f4 a6 18. g4 Ne4 19. Bxe7 Qxe7 20. Nxe4 dxe4 21. Bxe4
Bb5 22. Bd3 Bxd3 23. Nxd3 Rc7 24. Qd1 Na5 25. Rc1 Nc4 26. Qe2 b5 27. Rc3 Rdc8
28. Rfc1 Nb6 29. Rxc7 Rxc7 30. Rxc7 Qxc7 31. Nc5 Nd5 32. Qf3 Qa5 33. Qe2 Qc7
34. Kg2 g6 35. Qd3 Qd6 36. Kf3 Kg7 37. Qe4 Qc6 38. Qe5+ Kh7 39. e4 Nc7 40. Qf6
Qe8 41. h4 a5 42. Nb7 Kg8 43. Nxa5 b4 44. Qe5 bxa3 45. bxa3 Qa4 46. Qxc7
1/2-1/2